00760nam a2200229Ii 45000010005000000030009000050080041000140200015000550400033000700410008001030820015001111000025001262450039001512640046001903000012002363360026002483370028002743380027003029400050003299990017003799520134003963343CO-ViMGA241108s9999||||xx |||||||||||||| ||und|| a8430907343 aCO-ViMGAbspaerdacCO-ViMGA0 aspa04a320.5 T7221 aJean Touchard94846510aHistorias de las ideas políticas 1aMadrid, España : Editorial Tecnos, 1985 avolumen atextbtxt2rdacontent aunmediatedbn2rdamedia avolumebnc2rdacarrier aidficha_siabuc: 3262. -- ficha_no_siabuc:3343 c43107d43107 001040708001aMEVIGERRbMEVIGERRcGENd2006-11-27o320.5 T722pECA1903r2024-11-26 09:07:03tEj.1w2024-11-26yBKz3262 | 4815